000 00411nam a2200157Ia 4500
008 230917s9999||||xx |||||||||||||| ||und||
020 _cRS250
040 _e9271
_aMAIN
041 _aEnglish
082 _a309.091724 S64S
100 _aSinha, Durganand ,ed.
245 0 _aSocial values and development: Asian perspectives
260 _aNew Delhi
_bSage Publications
_c1988
300 _a336p p.
942 _cBK
999 _c70921
_d70921